Splendour of Johor : dedicated to the people of Negeri Johor Darul Ta'zim
| Format: | Book |
|---|---|
| Published: |
JB :
JSEDC ,
1990
|
| Subjects: |
MARC
| LEADER | 00000cam a2200000 7i4500 | ||
|---|---|---|---|
| 001 | 0000038674 | ||
| 005 | 20131119.0 | ||
| 008 | 131119 | ||
| 020 | |a 9679990478 | ||
| 090 | 0 | 0 | |a 915.95119 |b SPL |
| 245 | 1 | 0 | |a Splendour of Johor : |b dedicated to the people of Negeri Johor Darul Ta'zim |
| 260 | |a JB : |b JSEDC , |c 1990 | ||
| 650 | 0 | |a Johor |x Description and travel | |
| 999 | |a 0000185079 |b Book |c Adult Collection |e Cawangan Bandar Penawar | ||